The contest / (Record no. 2474)

MARC details
000 -LEADER
fixed length control field 01022cam a22003133a 4500
005 - DATE AND TIME OF LATEST TRANSACTION
control field 20231211115248.0
020 ## - INTERNATIONAL STANDARD BOOK NUMBER
International Standard Book Number 0439401399 :
Terms of availability $4.50
020 ## - INTERNATIONAL STANDARD BOOK NUMBER
International Standard Book Number 9780545392327
040 ## - CATALOGING SOURCE
Original cataloging agency BKL
Transcribing agency BKL
Modifying agency DLC
Language of cataloging eng
050 00 - LIBRARY OF CONGRESS CALL NUMBER
Classification number PZ7.G6578
082 ## - DEWEY DECIMAL CLASSIFICATION NUMBER
Classification number 813.54
100 1# - MAIN ENTRY--PERSONAL NAME
Personal name Korman, Gordon
245 14 - TITLE STATEMENT
Title The contest /
Statement of responsibility, etc. Everest : Book one ; Gordon Korman
250 ## - EDITION STATEMENT
Edition statement This edition first printing, March 2012
260 ## - PUBLICATION, DISTRIBUTION, ETC.
Place of publication, distribution, etc. New York :
Name of publisher, distributor, etc. Scholastic,
Date of publication, distribution, etc. 2002
300 ## - PHYSICAL DESCRIPTION
Extent 137 pages :
Dimensions 20 cm
490 0# - SERIES STATEMENT
Series statement Everest
Volume/sequential designation 1
500 ## - GENERAL NOTE
General note "An Apple paperback."
505 ## - FORMATTED CONTENTS NOTE
Formatted contents note P
520 ## - SUMMARY, ETC.
Summary, etc. Dominic, Chris, Perry, Tilt, Sammi, Bryn, and Cameron compete with each other to be selected as part of a team of teenage climbers with the goal of ascending Mount Everest.
521 ## - TARGET AUDIENCE NOTE
Target audience note 750
Source Lexile
521 ## - TARGET AUDIENCE NOTE
Target audience note P
Source Raz-Plus
650 #0 - SUBJECT ADDED ENTRY--TOPICAL TERM
Topical term or geographic name entry element Mountaineers
Form subdivision Fiction.
655 #7 - INDEX TERM--GENRE/FORM
Genre/form data or focus term Children's stories.
Source of term lcsh
655 #7 - INDEX TERM--GENRE/FORM
Genre/form data or focus term Adventure fiction.
Source of term gsafd
906 ## - LOCAL DATA ELEMENT F, LDF (RLIN)
a 7
b cbc
c copycat
d 2
e ncip
f 20
g y-genrareb
942 ## - ADDED ENTRY ELEMENTS (KOHA)
Source of classification or shelving scheme Dewey Decimal Classification
Koha item type Books
Suppress in OPAC No
999 ## -
-- 2474
-- 2474
Holdings
Withdrawn status Lost status Source of classification or shelving scheme Damaged status Not for loan Collection Home library Current library Shelving location Date acquired Total Checkouts Full call number Barcode Date last seen Date last checked out Copy number Price effective from Koha item type
    Dewey Decimal Classification     Fiction Footprints International School Library Network Toul Kork Campus Footprints International School Library Network Toul Kork Campus   12/11/2023 1 KOR 813.54 PZ7.G6578 FISSE00524 04/23/2025 12/11/2023 1 12/11/2023 Books
    Dewey Decimal Classification     Fiction Footprints International School Library Network Toul Kork Campus Footprints International School Library Network Toul Kork Campus   01/10/2024   KOR 813.54 PZ7.G6578 FIS00802 01/10/2024   2 12/11/2023 Books